000 00900nas a2200289 4500
001 BR2015000160
003 BR-BrBNA
005 20231205124908.0
007 ta
008 230509b bl.|||p| |||| 00| 00por d
040 _aBR-BrBNA
_bpor
_cBiblioteca Nacional de Agricultura
041 _a(Pt)
072 _aN20
100 1 _aManhani, G.G.
100 1 _aTeixeira, M.M.
100 1 _aFernandes, H.C.
100 1 _aZolnier, S.
100 1 _aSasaki, R.S.
100 1 _aAlvarenga, C.B.
245 1 _aAutomatização de pulverizador pneumático tratorizado em função do déficit de pressão de vapor d'água no ar
650 _aMÁQUINA AGRÍCOLA
650 _aEVAPORAÇÃO
650 _aPULVERIZAÇÃO
773 0 _tRevista de Agricultura (Brazil)
_xISSN 0034-7655
_g(Dec 2014), v. 89(3) p. 212-223
_wBR2015000160
909 _a202311
_bLúcia
_c55
_dLúcia Elande
942 _2AGRIS
_n0
_cANA
999 _c241486
_d241486